| 000 | 00684nmm a2200265 a 4500 | ||
|---|---|---|---|
| 003 | AR-BaBNM | ||
| 005 | 20251128204642.0 | ||
| 008 | 046019s1992 ||||||||||||||000 | spa|| | ||
| 020 | _a956-13-1020-1 | ||
| 040 | _cAR-BaBNM | ||
| 100 | 1 | _aDumas, Alexandre | |
| 245 | 1 | 0 |
_aLos tres mosqueteros _blos diamantes de la reina |
| 250 | _a1ª ed. | ||
| 260 |
_aSantiago de Chile _bEditorial Andrés Bello _c1992 |
||
| 300 |
_a154 p. _bil. |
||
| 650 | 4 | _aLITERATURA INFANTIL | |
| 650 | 4 | _aCUENTOS DE AVENTURAS | |
| 650 | 4 | _aAMOR | |
| 651 | 4 | _aFrancia | |
| 653 | _aNOVELA HISTORICA | ||
| 655 | _aLITERATURA | ||
| 700 | 1 |
_aCrass, Juan _eilustrador |
|
| 942 | _cBK | ||
| 998 | _cisola | ||
| 999 |
_c8234 _d8234 |
||